Ekonomičeskoje obosnovanije optimal'nych parametrov sel'skochozjajstvennych zdanij i sooruženij

Salvato in:
Dettagli Bibliografici
Autore principale: Kon'kov, Viktor Pavlovič
Natura: Libro
Lingua:russo
Pubblicazione: Moskva Strojizdat 1981
Tags: Aggiungi Tag
Nessun Tag, puoi essere il primo ad aggiungerne!!

MARC

LEADER 00000nam a2200000 4500
001 c126190
005 20041019155237.3
041 0 |a rus 
044 |a RU 
245 1 0 |a Ekonomičeskoje obosnovanije optimal'nych parametrov sel'skochozjajstvennych zdanij i sooruženij  |c Viktor Pavlovič Kon'kov 
264 1 |a Moskva  |b Strojizdat  |c 1981 
300 |a 95 s. 
100 1 |a Kon'kov, Viktor Pavlovič